Diccionario de aforismos, proverbios y refranes
Salvato in:
| Autore principale: | |
|---|---|
| Natura: | Libro |
| Lingua: | spagnolo |
| Pubblicazione: |
Barcelona
Sintes
1954
|
| Soggetti: | |
| Tags: |
Aggiungi Tag
Nessun Tag, puoi essere il primo ad aggiungerne!!
|
MARC
| LEADER | 00000nam a2200000 a 4500 | ||
|---|---|---|---|
| 001 | UCZ6161 | ||
| 003 | CL-VaPUC | ||
| 008 | 951201e19540000SP |||||||||||||||||spa|d | ||
| 082 | 0 | 4 | |a 398.9 |b SIN |2 21 |
| 100 | 0 | |a Sintes Pros, Jorge |e author |9 350386 | |
| 245 | 1 | 0 | |a Diccionario de aforismos, proverbios y refranes |
| 300 | |a 324 p | ||
| 942 | |c BK | ||
| 945 | |d 19951201 00:00:00 |a cmena | ||
| 260 | |a Barcelona |b Sintes |c 1954 | ||
| 650 | 7 | |a FOLKLORE |2 CL-VaPUC |9 268291 | |
| 650 | 0 | |a Costumbres y tradiciones |9 268292 | |
| 650 | 0 | |a Literatura folklórica |9 306605 | |
| 650 | 0 | |a Proverbios |9 269154 | |
| 650 | 0 | |a Diccionarios |9 256200 | |
| 650 | 0 | |a Antropología cultural y social |9 265143 | |
| 651 | 0 | |a España |9 254926 | |
| 583 | |a last modification |c 19951201 00:00:00 |k Rodrigo Vera | ||
| 999 | |c 242415 |d 242413 | ||
| 952 | |0 0 |1 0 |4 0 |6 398_900000000000000_SIN_1954 |7 0 |8 X |9 255367 |a BIBEDU |b BIBEDU |d 2019-11-19 |i 1601083 |o 398.9 SIN 1954 |p 1601083 |r 2023-01-13 |w 2019-11-19 |y BK_X |k FIL | ||